Budget press releases (Record no. 34153)

MARC details
000 -LEADER
fixed length control field 01393cab a2200277 4500
001 - CONTROL NUMBER
control field WB2811-56
008 - FIXED-LENGTH DATA ELEMENTS--GENERAL INFORMATION
fixed length control field 090401t1992 xxu||||| |||| 00| 0 eng d
035 ## - SYSTEM CONTROL NUMBER
System control number (Sirsi) u55883
041 ## - LANGUAGE CODE
Language code of text/sound track or separate title eng
245 ## - TITLE STATEMENT
Title Budget press releases
260 ## - PUBLICATION, DISTRIBUTION, ETC.
Date of publication, distribution, etc. 1992
350 ## - PRICE (NR) (BK AM CF MU VM SE) [OBSOLETE]
Price 0
490 ## - SERIES STATEMENT
Series statement Inland Revenue Press Release
Volume/sequential designation 10 March 1992
520 ## - SUMMARY, ETC.
Summary, etc. (a) Income tax rates and allowances for 1992-93 (4) (b) Income tax: company cars and fuel (6) (c) Taxation of motor mileage allowances (3)) (d) National insurance contributions on company cars and fuel (4) (e) Quarterly payments for small employers (2) (f) Business expansion scheme (3) (g) Capital gains tax: annual exempt amount (2) (h) Inheritance tax: threshold (1) (i) Inheritance tax: relief on business assets (3) (j) Payment of rent between `connected persons` (3) (j) Car tax: reduction in rate (5) (k) Capital allowances for computer software (2) (l) VAT: increased turnover limits for registration and cancellation of registration (1) (m) VAT: extension of VAT reliefs for charities and handicapped persons (2) (n) Prompt payment of bills package (4)
650 ## - SUBJECT ADDED ENTRY--TOPICAL TERM
Topical term or geographic name entry element BES
650 ## - SUBJECT ADDED ENTRY--TOPICAL TERM
Topical term or geographic name entry element BUDGET 1992
650 ## - SUBJECT ADDED ENTRY--TOPICAL TERM
Topical term or geographic name entry element CAPITAL GAINS TAX
650 ## - SUBJECT ADDED ENTRY--TOPICAL TERM
Topical term or geographic name entry element CHARITIES
650 ## - SUBJECT ADDED ENTRY--TOPICAL TERM
Topical term or geographic name entry element COMPANY CARS
650 ## - SUBJECT ADDED ENTRY--TOPICAL TERM
Topical term or geographic name entry element COMPUTERS
650 ## - SUBJECT ADDED ENTRY--TOPICAL TERM
Topical term or geographic name entry element INHERITANCE TAX
650 ## - SUBJECT ADDED ENTRY--TOPICAL TERM
Topical term or geographic name entry element VALUE ADDED TAX
690 ## - LOCAL SUBJECT ADDED ENTRY--TOPICAL TERM (OCLC, RLIN)
Topical term or geographic name as entry element TAXATION
942 ## - ADDED ENTRY ELEMENTS (KOHA)
Suppress in OPAC 0
948 ## - LOCAL PROCESSING INFORMATION (OCLC); SERIES PART DESIGNATOR (RLIN)
c (OCLC) 04/03/1997
Holdings
Withdrawn status Lost status Source of classification or shelving scheme Damaged status Not for loan Home library Current library Shelving location Date acquired Total Checkouts Full call number Barcode Date last seen Copy number Price effective from Koha item type
    Dewey Decimal Classification     London London News article 14/09/1999   WB2811-56 55883-1001 06/08/2019 1 06/08/2019 News article